000 00296nam a22001337a 4500
008 170727b xxu||||| |||| 00| 0 eng d
020 _a0131727842
041 _aeng
080 _a004
100 _a29
101 _aSHKI
245 _aCOMPUTER-CONTROLLED SYSTEMS
_cASTROM, K.J
942 _2udc
_cBK
999 _c22016
_d22016